[Event "Hallstahammar op"]
[Site "Hallstahammar"]
[Date "2001.09.09"]
[Round "6"]
[White "Heinoja, Ari"]
[Black "Luoma, Kari"]
[Result "0-1"]
[WhiteElo "1652"]
[BlackElo "1824"]
[PlyCount "78"]
[EventDate "2001.??.??"]
[EventType "swiss"]
[EventRounds "7"]
[EventCountry "SWE"]
[SourceTitle "EXT 2006"]
[Source "ChessBase"]
[SourceDate "2005.11.24"]
[SourceVersion "1"]
[SourceVersionDate "2005.11.24"]
[SourceQuality "1"]

1. e4 e6 2. d4 d5 3. Nd2 a6 4. c4 dxc4 5. Nxc4 b5 6. Ne5 Bb4+ 7. Ke2 Nf6 8. f3 Bb7 9. Be3 Nbd7 10. Qb3 Bd6 11. Nd3 Be7 12. Nh3 0-0 13. Rg1 Nb6 14. g4 Nc4 15. Bf2 Rc8 16. Rd1 Nd7 17. Nhf4 Bh4 18. Bg3 Bxg3 19. Rxg3 Qg5 20. Kf2 e5 21. dxe5 Ndxe5 22. Nxe5 Qxe5 23. Bxc4 Qxf4 24. Bd5 c6 25. Bc4 Rcd8 26. Be2 c5 27. Qe3 Qe5 28. Rd2 Rd4 29. g5 Rfd8 30. Rc2 c4 31. h4 Bc8 32. h5 Be6 33. g6 Qxh5 34. gxh7+ Qxh7 35. Qg5 f6 36. Qg6 Qxg6 37. Rxg6 Rd2 38. Rc1 Rxb2 39. Rcg1 Rdd2 0-1